000 01655cam a2200397 i 4500
001 20346271
003 OSt
005 20260702105223.0
008 180205s2018 ilua b 001 0 eng
010 _a 2018000252
020 _a9781433561252
_qtp
035 _a20346271
040 _aDLC
_beng
_cDLC
_erda
_dDLC
042 _apcc
050 0 0 _aBT94
_b.G875 2018
082 0 0 _a231.7
_223
100 1 _aGuthrie, Nancy,
_eauthor.
245 1 0 _aEven better than Eden :
_bnine ways the Bible's story changes everything about your story /
_cNancy Guthrie.
264 1 _aWheaton, Illinois :
_bCrossway,
_c[2018]
300 _a202 pages :
_billustrations ;
_c22 cm
336 _atext
_btxt
_2rdacontent
337 _aunmediated
_bn
_2rdamedia
338 _avolume
_bnc
_2rdacarrier
504 _aIncludes bibliographical references and index.
505 0 _aThe story of the wilderness -- The story of the tree -- The story of his image -- The story of clothing -- The story of the bridegroom -- The story of Sabbath -- The story of the offspring -- The story of a dwelling place -- The story of the city.
583 _aCataloguing:
_c20260702
_kgtanuigtanui
600 0 0 _aJesus Christ
_xKingdom.
630 0 0 _aBible
_xTheology.
650 0 _aKingdom of God.
650 0 _aEschatology.
650 0 _aHeaven
_xChristianity.
776 0 8 _iOnline version:
_aGuthrie, Nancy, author.
_tEven better than Eden
_dWheaton : Crossway, 2018
_z9781433561269
_w(DLC) 2018026076
906 _a7
_bcbc
_corignew
_d1
_eecip
_f20
_gy-gencatlg
942 _2lcc
_cBK
999 _c21749
_d21748